[Event "FRM-chT 29th"]
[Site "Struga"]
[Date "2021.08.20"]
[Round "6"]
[White "Nedev, Trajce"]
[Black "Podlesnik, Bogdan"]
[Result "1/2-1/2"]
[WhiteElo "2485"]
[BlackElo "2325"]
[PlyCount "81"]
[EventDate "2021.08.15"]
[EventType "team-tourn"]
[EventRounds "7"]
[EventCountry "MKD"]
[SourceTitle "CBM 203 Extra"]
[Source "ChessBase"]
[SourceDate "2021.09.30"]
[SourceVersion "1"]
[SourceVersionDate "2021.09.30"]
[SourceQuality "1"]
[WhiteTeam "Skopje Alkaloid"]
[BlackTeam "Skopje Gambit Asseko"]
[WhiteTeamCountry "MKD"]
[BlackTeamCountry "MKD"]

1. e4 c5 2. Nf3 e6 3. d4 cxd4 4. Nxd4 Nc6 5. Nc3 Nf6 6. Nxc6 bxc6 7. e5 Nd5 8. Ne4 Qc7 9. f4 Qb6 10. c4 Bb4+ 11. Ke2 f5 12. exf6 Nxf6 13. Be3 Qa5 14. Nxf6+ gxf6 15. Kf2 Ke7 16. Bd3 Bc5 17. Re1 Rb8 18. b3 Bb7 19. Kf1 Bxe3 20. Rxe3 c5 21. Qe2 Qc7 22. g3 h5 23. Re1 Kf7 24. f5 e5 25. Be4 Bxe4 26. Rxe4 Qc6 27. Rd1 Rbg8 28. Kg1 Rg5 29. Qd2 Rxf5 30. Qxd7+ Qxd7 31. Rxd7+ Ke6 32. Rxa7 Rd8 33. Re2 h4 34. Kg2 hxg3 35. hxg3 Rd3 36. Ra8 Rff3 37. Rg8 Kf7 38. Rg4 f5 39. Rg5 Kf6 40. Rg8 Kf7 41. Rg5 1/2-1/2

[Event "MNT-chT 1st League"]
[Site "Sutomore"]
[Date "2021.08.01"]
[Round "2.1"]
[White "Raicevic, Momcilo"]
[Black "Podlesnik, Bogdan"]
[Result "1-0"]
[WhiteElo "2286"]
[BlackElo "2325"]
[PlyCount "55"]
[EventDate "2021.07.31"]
[EventType "team-tourn"]
[EventRounds "9"]
[EventCountry "MNE"]
[SourceTitle "EXT 2022"]
[Source "ChessBase"]
[SourceDate "2021.10.06"]
[SourceVersion "1"]
[SourceVersionDate "2021.10.06"]
[SourceQuality "1"]
[WhiteTeam "Mimoza"]
[BlackTeam "Crnogorac"]
[WhiteTeamCountry "MNE"]
[BlackTeamCountry "MNE"]

1. c4 c5 2. g3 Nf6 3. Bg2 Nc6 4. Nc3 e6 5. e4 d5 6. cxd5 exd5 7. Nxd5 Nxd5 8. exd5 Nb4 9. a3 Nd3+ 10. Kf1 Be7 11. Be4 Nxc1 12. Rxc1 0-0 13. h4 f5 14. Bf3 f4 15. g4 Bxh4 16. Rxc5 b6 17. Rc1 Bf6 18. Qb3 Qd6 19. Ne2 Bb7 20. Nc3 Rad8 21. Nb5 Bxd5 22. Qd3 Qe5 23. Qxh7+ Kf7 24. Rh5 Bxf3 25. Rxe5 Bxe5 26. Qh5+ Ke6 27. Re1 Rd5 28. Nc7+ 1-0

[Event "MNT-ch 73rd"]
[Site "Podgorica"]
[Date "2021.05.04"]
[Round "2"]
[White "Popadic, Dragan"]
[Black "Podlesnik, Bogdan"]
[Result "1-0"]
[WhiteElo "2157"]
[BlackElo "2356"]
[PlyCount "61"]
[EventDate "2021.05.03"]
[EventType "swiss"]
[EventRounds "9"]
[EventCountry "MNE"]
[SourceTitle "CBM 202 Extra"]
[Source "ChessBase"]
[SourceDate "2021.07.31"]
[SourceVersion "1"]
[SourceVersionDate "2021.07.31"]
[SourceQuality "1"]

1. e4 e6 2. Nf3 c5 3. b4 cxb4 4. d4 d5 5. e5 Nc6 6. a3 bxa3 7. c3 f5 8. Bd3 a6 9. g4 g6 10. gxf5 exf5 11. Nxa3 Nh6 12. Bg5 Qd7 13. 0-0 Nd8 14. c4 Bxa3 15. Rxa3 Nhf7 16. Bf6 0-0 17. Qb3 f4 18. Kh1 dxc4 19. Bxc4 b5 20. Bd5 Rb8 21. Rg1 Ne6 22. Qd3 Re8 23. Rxg6+ Kf8 24. Bxe6 Rxe6 25. Rg7 Rxf6 26. exf6 Rb6 27. Qxh7 Rxf6 28. Ne5 Qd5+ 29. f3 Be6 30. Rxa6 Qxd4 31. Ra8+ 1-0

[Event "MNT-ch 73rd"]
[Site "Podgorica"]
[Date "2021.05.03"]
[Round "1"]
[White "Podlesnik, Bogdan"]
[Black "Koljevic, Nikolina"]
[Result "1-0"]
[WhiteElo "2356"]
[BlackElo "1931"]
[PlyCount "55"]
[EventDate "2021.05.03"]
[EventType "swiss"]
[EventRounds "9"]
[EventCountry "MNE"]
[SourceTitle "CBM 202 Extra"]
[Source "ChessBase"]
[SourceDate "2021.07.31"]
[SourceVersion "1"]
[SourceVersionDate "2021.07.31"]
[SourceQuality "1"]

1. e4 c6 2. d4 d5 3. Nc3 dxe4 4. Nxe4 Bf5 5. Ng3 Bg6 6. h4 h6 7. Nf3 Nd7 8. Bd3 Bxd3 9. Qxd3 e6 10. Bd2 Ngf6 11. 0-0-0 Be7 12. Qe2 Qc7 13. Kb1 c5 14. Rhe1 0-0 15. Ne4 Nxe4 16. Qxe4 Nf6 17. Qe2 c4 18. Ne5 Rac8 19. c3 b5 20. g4 Nd5 21. g5 hxg5 22. hxg5 Bd6 23. Rh1 g6 24. Nxg6 fxg6 25. Qxe6+ Qf7 26. Qxd6 b4 27. Rh6 Kg7 28. Qe5+ 1-0

[Event "MNT-ch 72nd"]
[Site "Podgorica"]
[Date "2020.09.13"]
[Round "4"]
[White "Pecurica, Milos"]
[Black "Podlesnik, Bogdan"]
[Result "1/2-1/2"]
[WhiteElo "2359"]
[BlackElo "2354"]
[PlyCount "47"]
[EventDate "2020.09.11"]
[EventType "swiss"]
[EventRounds "9"]
[EventCountry "MNE"]
[SourceTitle "CBM 198 Extra"]
[Source "ChessBase"]
[SourceDate "2020.11.30"]
[SourceVersion "1"]
[SourceVersionDate "2020.11.30"]
[SourceQuality "1"]

1. Nf3 c5 2. c4 Nf6 3. Nc3 e6 4. g3 d5 5. cxd5 Nxd5 6. Bg2 Nc6 7. 0-0 Be7 8. d4 0-0 9. Nxd5 exd5 10. dxc5 Bxc5 11. Bg5 f6 12. Bd2 Bf5 13. b4 Bb6 14. a4 Be4 15. a5 Bc7 16. Bh3 a6 17. Be3 Kh8 18. Nd4 Nxd4 19. Bxd4 Re8 20. Rc1 Bd6 21. Bb6 Qe7 22. Bc5 Rad8 23. Bxd6 Qxd6 24. Qd4 1/2-1/2